[Event "Elitserien Allsvenskan 2018-19"]
[Site "Sweden"]
[Date "2019.03.31"]
[Round "9.2"]
[White "Gdanski, Jacek"]
[Black "Hauge, Lars Oskar"]
[Result "1-0"]
[WhiteElo "2465"]
[BlackElo "2468"]
[Annotator "TA"]
[PlyCount "49"]
[EventDate "2018.11.09"]
[EventType "team-tourn"]
[EventCountry "SWE"]
[SourceTitle "playchess.com"]
[Source "ChessBase"]
[SourceQuality "1"]

{[%evp 9,49,33,34,30,42,41,81,71,87,92,84,86,86,83,79,64,66,55,79,75,91,92,118,126,129,129,121,123,129,133,144,120,129,123,136,104,320,341,489,482,502,497]} 1. Nf3 f5 2. d3 d6 3. e4 e5 4. Nc3 Nf6 5. exf5 Bxf5 6. d4 {A04: Unusual lines after 1 Nf3 and King's Indian Attack} e4 7. Nh4 $1 {[%cal Rh4f5]} Qd7 (7... Bg4 8. Be2 Bxe2 9. Qxe2 d5 10. Bg5 Bb4 11. O-O O-O 12. Nf5 Nc6 {½-½ (36) Grischuk,A (2783)-Ponomariov,R (2731) Beijing 2013}) 8. f3 {White is better.} Be7 9. Nxf5 Qxf5 10. Be2 exf3 11. Bxf3 Qe6+ 12. Qe2 $146 (12. Kf2 {with more complications.} d5 13. Re1 Qd7 14. Bxd5 Nc6 15. Bxc6 bxc6 16. Kg1) ({Predecessor:} 12. Ne2 O-O {1-0 (20) Nilsen,J (2415)-Seegert,K (2230) Copenhagen 2016}) 12... Qxe2+ 13. Nxe2 Nc6 14. c3 O-O-O 15. O-O d5 16. Bg5 h6 17. Bxf6 $1 Bxf6 18. Nf4 Ne7 19. Rae1 Rd6 20. Bg4+ Kb8 21. Nh5 Nc8 22. Re6 Rf8 $2 {[#]} (22... Rxe6 $16 23. Bxe6 c6) 23. Nxg7 $1 $18 {[%mdl 512]} Rb6 ({But not} 23... Bxg7 24. Rxf8 Bxf8 25. Re8 $18) (23... a5 $142 24. Re8 Rxe8 25. Nxe8 Bg5 26. Nxd6 Nxd6) 24. Rxb6 axb6 25. Ne6 {Accuracy: White = 73%, Black = 52%.} 1-0

[Event "Elitserien Allsvenskan 2018-19"]
[Site "Sweden"]
[Date "2019.03.31"]
[Round "9.2"]
[White "Ingbrandt, Johan"]
[Black "Urkedal, Frode Olav Olsen"]
[Result "0-1"]
[WhiteElo "2363"]
[BlackElo "2514"]
[Annotator "TA"]
[PlyCount "80"]
[EventDate "2018.11.09"]
[EventType "team-tourn"]
[EventCountry "SWE"]
[SourceTitle "playchess.com"]
[Source "ChessBase"]
[SourceQuality "1"]

{[%evp 15,80,-19,0,-33,-27,-54,-12,-28,-25,-31,-29,-49,-47,-49,-54,-70,-60,-52,-52,-52,-55,-82,-51,-43,0,-125,-87,-97,-68,-52,-18,-18,-18,-18,-38,-41,-25,-46,-45,-40,-52,-31,0,0,0,0,0,0,0,0,0,0,0,0,0,-26,-3,-71,-72,-80,-79,-121,-84,-139,-139,-364,-364]} 1. Nf3 Nf6 2. g3 d5 3. Bg2 c5 {[%cal Bc7c5,Bc5b4,Bb4b3][%mdl 32]} 4. c4 d4 5. b4 cxb4 (5... e6 6. O-O cxb4 7. a3 Nc6 8. d3 a5 9. axb4 Bxb4 10. Ba3 Bd7 11. Bxb4 axb4 12. Nbd2 O-O 13. Ne1 {½-½ (22) Howell,D (2640)-Fridman,D (2626) Germany 2017}) 6. a3 {A09: Réti Opening: 1 Nf3 d5 2 c4} b3 7. O-O Nc6 8. d3 e5 {LiveBook: 11 Games} 9. Bg5 Be7 10. Nbd2 O-O $146 ({Predecessor:} 10... b2 11. Ra2 Nd7 12. Bxe7 Qxe7 13. Ne1 {1-0 (30) Yakovich,Y (2537)-Yildiz Kadioglu,B (2219) Izmir 2011}) 11. Nxb3 h6 12. Bxf6 Bxf6 13. Nfd2 Be7 14. Qc2 Qc7 $36 {[%mdl 2048] Black is more active.} 15. Rfb1 Rb8 16. c5 Be6 17. Rb2 Rfc8 18. Rc1 Nd8 19. Qb1 b6 20. Nc4 (20. cxb6 $1 $11 {remains equal.} Qxb6 21. Rxc8 Rxc8 {[#]} 22. Nc4 $1 {[%mdl 512]} Bxc4 23. Nd2 Bxd3 24. exd3) 20... bxc5 21. Qc2 Bd7 22. Rcb1 a6 23. Nbd2 Rb5 24. a4 Rxb2 25. Qxb2 Bxa4 26. Qb6 Bb5 27. Qxc7 Rxc7 28. Nxe5 Bf6 (28... g5 {is interesting.} 29. Bd5 Kg7 30. f4 f6 31. Nec4 gxf4 32. gxf4 f5) 29. Nec4 Nc6 30. Bxc6 Rxc6 31. Na3 $1 Ba4 32. Rb8+ Kh7 33. Kf1 Be7 34. Rb7 Re6 35. Ke1 f5 36. Ndc4 (36. f4 $11 {keeps the balance.}) 36... Bc6 $17 37. Rb2 Bd8 38. Rb8 Bc7 39. Rc8 ({White should play} 39. Rf8) 39... Re7 {And now ...Bb7 would win.} 40. Kd2 $2 {[#]} (40. Nd6 $17 {is the only way for White.}) 40... Bb7 {Precision: White = 42%, Black = 54%.} 0-1

[Event "Elitserien Allsvenskan 2018-19"]
[Site "Sweden"]
[Date "2019.03.31"]
[Round "9.2"]
[White "Malmstig, Erik"]
[Black "Miezis, Normunds"]
[Result "1-0"]
[WhiteElo "2287"]
[BlackElo "2464"]
[Annotator "TA"]
[PlyCount "105"]
[EventDate "2018.11.09"]
[EventType "team-tourn"]
[EventCountry "SWE"]
[SourceTitle "playchess.com"]
[Source "ChessBase"]
[SourceQuality "1"]

{[%evp 13,105,18,14,0,25,0,0,0,19,0,16,23,24,23,38,36,99,28,27,34,84,80,103,27,22,-5,-7,-14,0,-12,-16,-42,0,-7,0,-48,0,0,89,97,194,189,215,84,265,249,325,329,318,285,571,380,639,431,532,537,660,645,626,620,574,613,596,553,552,542,539,523,1361,890,883,882,882,876,5212,5488,4134,3208,618,609,29952,29952,29967,29967,29963,4618,12841,12775,6799,5306,29977,29978,29989,29986]} 1. d4 Nf6 2. c4 e6 3. Nc3 Bb4 4. e3 c5 5. Bd3 d5 6. cxd5 exd5 7. Nge2 Nc6 8. f3 $146 {E41: Nimzo-Indian: Rubinstein: 4...c5 5 Bd3, including Hübner Variation} ({Predecessor:} 8. a3 cxd4 9. axb4 dxc3 10. b5 Nb4 11. bxc3 Nxd3+ 12. Qxd3 O-O 13. O-O Re8 14. Rd1 Qb6 15. Nd4 Bd7 16. f3 a6 17. bxa6 Rxa6 {1-0 (51) Shimanov,A (2594)-Levin,E (2529) St Petersburg 2015}) 8... Be6 9. O-O cxd4 10. exd4 {The position is equal.} Bd6 11. Kh1 a6 12. Bg5 h6 13. Bh4 g5 14. Bg3 h5 (14... Bxg3 $14 15. hxg3 Kf8) 15. Qb3 ({White should play} 15. Bxd6 $1 $16 Qxd6 16. Rc1) 15... Bxg3 $11 16. Nxg3 b5 {[%cal Bb7b5,Bb5b4][%mdl 32]} 17. Rae1 Kf8 18. f4 (18. Nge2 $16) 18... g4 $1 19. Nge2 Qd6 20. Qd1 Re8 21. a4 b4 22. Nb1 Bc8 23. Nd2 h4 24. Kg1 Kg7 (24... Re3 $5 {[%cal Re3d3]} 25. Nb3 Ne4 $15) 25. Nb3 Re7 (25... g3 $11) 26. f5 $1 $16 Re3 {[#]} (26... Nh5 $16) 27. Qd2 $1 $18 {[%cal Rd2e3]} Rhe8 {[#]} 28. Rc1 (28. Nc5 $1 $18 {is more deadly.}) 28... Bd7 $2 (28... Nh5 $16) 29. Nf4 Kh7 {[#]} 30. Ne6 $1 {[%mdl 512]} Rxd3 (30... fxe6 31. fxe6+) 31. Qxd3 Ne4 $2 (31... Bc8 32. Qc2 Ne7 33. Ng5+ Kg7) 32. Nec5 Bc8 $2 (32... h3 33. Nxd7 (33. Nxa6 g3 $14) 33... hxg2) 33. Rce1 g3 34. Nxe4 gxh2+ 35. Kh1 dxe4 36. Rxe4 Rxe4 37. Qxe4 Qf6 38. Rf4 Kg7 39. d5 Ne7 40. Nd4 Bb7 41. Ne6+ fxe6 42. fxe6 Bxd5 43. Rxf6 Bxe4 44. Rf7+ {[%mdl 64] Double Attack} Kg6 45. Rxe7 {[%mdl 4096] Endgame KR-KB} Kf6 46. Ra7 Kxe6 47. Rxa6+ Kd5 48. Rh6 Bc2 49. Rxh4 (49. a5 $142 Be4 50. Rxh4 Bd3 51. Rxb4 Kc5 52. Rb6 Kc4 53. Kxh2 Kd5 54. a6) 49... Kc5 50. a5 {[%cal Ba4a5,Ba5a6][%mdl 32]} Kb5 51. Rh5+ Ka4 52. a6 Kb3 53. Re5 {Accuracy: White = 53%, Black = 24%.} 1-0

[Event "Elitserien Allsvenskan 2018-19"]
[Site "Sweden"]
[Date "2019.03.31"]
[Round "9.3"]
[White "Shirov, Alexei"]
[Black "Hansen, Sune Berg"]
[Result "1-0"]
[WhiteElo "2667"]
[BlackElo "2587"]
[Annotator "TA"]
[PlyCount "109"]
[EventDate "2018.11.09"]
[EventType "team-tourn"]
[EventCountry "SWE"]
[SourceTitle "playchess.com"]
[Source "ChessBase"]
[SourceQuality "1"]

{[%evp 25,109,26,29,0,0,0,0,-20,-16,-29,26,26,22,-25,0,0,0,0,0,-25,0,0,25,22,25,17,29,7,47,15,31,0,0,0,0,0,0,0,0,0,0,0,0,0,0,0,33,0,77,40,43,40,83,83,83,28,18,7,27,0,0,0,0,0,0,0,0,0,0,0,43,0,37,37,64,43,52,52,85,52,488,496,466,488,460,432]} 1. e4 c5 2. Nf3 d6 3. d4 cxd4 4. Nxd4 Nf6 5. Nc3 g6 6. Be3 Bg7 7. f3 Nc6 8. Qd2 O-O 9. Bc4 Nxd4 10. Bxd4 Be6 11. Bxe6 fxe6 12. O-O-O {[%cal Be1c1,Bc1b1,Bb1b2][%mdl 32]} Qa5 13. Kb1 {B77: Sicilian Dragon: Yugoslav Attack, 9 Bc4 sidelines} (13. h4 Nh5 14. Bxg7 Kxg7 15. e5 Qxe5 16. Rde1 Qf6 17. Ne4 Qf4 18. Ng5 Qxd2+ 19. Kxd2 Nf4 20. g3 h6 21. Nxe6+ Nxe6 22. Rxe6 {1-0 (49) Yu,Y (2747)-Edouard,R (2617) Caleta 2016 CBM 171 [Edouard,R]}) 13... Rac8 {LiveBook: 9 Games} 14. Ne2 Qxd2 15. Rxd2 {The position is equal.} Nd7 16. b3 $146 ({Reject} 16. Bxa7 b6 $17) ({Predecessor:} 16. Bxg7 Kxg7 17. Rc1 e5 18. Nc3 Nb6 19. Rd3 Rc5 20. b3 Rfc8 {1-0 (70) Vavulin,M (2359)-Snihur,P (2157) Moscow 2013}) 16... Bxd4 17. Nxd4 Rf6 (17... e5 $142 18. Ne2 b5) 18. Kb2 $11 a6 19. Rd3 Nc5 20. Re3 e5 21. Ne2 Rff8 22. Nc3 Kf7 23. a4 Rc6 24. a5 Rfc8 25. Nd5 Nd7 26. c4 Rg8 27. h4 Rcc8 28. g4 e6 29. Nc3 Ke7 30. Rd1 Nb8 31. Red3 Rcd8 32. Na4 Nc6 33. c5 {[%cal Rc5d6]} d5 34. Nb6 {[%cal Re4d5]} d4 35. Nc4 Rgf8 {[#]} 36. b4 $1 {[%mdl 512]} Kd7 (36... Rf4 $1 $11 {keeps the balance.}) (36... Nxb4 37. Rb3) 37. Kb3 Kc7 38. Rh1 h6 39. Ka4 Rf4 40. Nd6 (40. h5 $16) 40... Rdf8 41. Rh3 Ra8 42. Rb3 Na7 43. Nc4 Nc6 44. Nd6 Na7 45. b5 axb5+ 46. Nxb5+ Nxb5 47. Kxb5 {[%mdl 4096] Endgame KRR-KRR} Rf7 48. Ra3 Rd7 49. Rh2 Ra6 50. Rb2 Rd8 51. Kc4 Rd7 52. Rb6 d3 $2 {[%mdl 8192] [#]} ({Better is} 52... Rd8 $14) 53. Rxd3 $18 {White is clearly winning.} Rxd3 54. Kxd3 Rxa5 55. Rxe6 {Precision: White = 53%, Black = 41%.} 1-0

[Event "Elitserien Allsvenskan 2018-19"]
[Site "Sweden"]
[Date "2019.03.31"]
[Round "9.3"]
[White "Jepson, Christian"]
[Black "Neiksans, Arturs"]
[Result "1/2-1/2"]
[WhiteElo "2391"]
[BlackElo "2559"]
[Annotator "TA"]
[PlyCount "76"]
[EventDate "2018.11.09"]
[EventType "team-tourn"]
[EventCountry "SWE"]
[SourceTitle "playchess.com"]
[Source "ChessBase"]
[SourceQuality "1"]

{[%evp 21,76,10,3,0,8,0,0,0,0,0,19,17,43,48,43,0,0,-14,-18,-8,0,0,0,-6,0,-33,-29,-42,-51,-50,0,0,0,-25,-28,-50,0,0,0,0,0,0,0,0,0,0,0,0,0,0,0,0,0,0,0,0,0]} 1. d4 Nf6 2. c4 e6 3. Nc3 Bb4 4. e3 O-O 5. Bd3 d5 6. Nf3 b6 7. O-O Bb7 8. cxd5 exd5 9. a3 Bd6 10. b4 a6 11. Qb3 Qe7 12. Re1 {E52: Nimzo-Indian: Rubinstein: 4...0-0 5 Nf3 d5 6 Bd3 b6} Nbd7 13. Ra2 b5 14. Rae2 Nb6 15. e4 {[#]} Nxe4 $146 {[#]} ({Predecessor:} 15... dxe4 16. Nxe4 Nxe4 17. Bxe4 Bxe4 18. Rxe4 Qd7 19. Ne5 Bxe5 20. dxe5 {½-½ (38) Bacrot,E (2694)-Cornette,M (2586) Saint-Quentin 2015}) 16. Ng5 $1 {[%mdl 512]} Qd7 (16... Nxg5 17. Rxe7) 17. Ncxe4 dxe4 18. Bxe4 Bxe4 19. Rxe4 h6 20. Nf3 Rae8 21. Ne5 Qf5 22. f3 Qe6 23. Qxe6 (23. Nc4 {seems wilder.} Qd7 24. Nxb6 cxb6 25. h3 a5 26. Be3) 23... Rxe6 24. Nd3 Rxe4 25. fxe4 f5 26. e5 Be7 27. e6 Rd8 28. Ne5 Bf6 29. Nc6 {The position is equal.} Re8 30. g3 g5 31. Kf2 Kg7 32. h3 Nd5 33. Kf3 Kg6 34. g4 Bg7 35. Ne5+ Kf6 36. Nd7+ Kg6 37. Ne5+ Kf6 38. Nd7+ Kg6 {Accuracy: White = 74%, Black = 65%.} 1/2-1/2

[Event "Elitserien Allsvenskan 2018-19"]
[Site "Sweden"]
[Date "2019.03.31"]
[Round "9.3"]
[White "Seo, Jung Min"]
[Black "Schussler, Harry"]
[Result "1/2-1/2"]
[WhiteElo "2386"]
[BlackElo "2413"]
[Annotator "TA"]
[PlyCount "73"]
[EventDate "2018.11.09"]
[EventType "team-tourn"]
[EventCountry "SWE"]
[SourceTitle "playchess.com"]
[Source "ChessBase"]
[SourceQuality "1"]

{[%evp 26,73,25,24,29,24,34,27,33,22,38,33,33,33,33,28,33,32,37,22,52,10,12,0,0,0,0,0,0,0,0,0,0,0,0,0,0,0,0,0,0,0,0,0,0,0,0,0,0,0]} 1. d4 Nf6 2. c4 e6 3. Nf3 b6 4. g3 Ba6 5. b3 Bb4+ 6. Bd2 Be7 7. Bg2 c6 8. O-O d5 9. Ne5 Nfd7 10. Nxd7 Nxd7 11. Bc3 Nf6 12. Nd2 O-O 13. e4 {E15: Queen's Indian: 4 g3 sidelines, 4 g3 Ba6 and 4 g3 Bb7 early deviations} dxe4 14. Nxe4 {LiveBook: 19 Games} Qc7 {[#]} 15. Qf3 $146 {White has an edge.} ({Predecessor:} 15. Re1 Rad8 16. Qc2 Nxe4 17. Bxe4 g6 18. Rad1 Bf6 19. c5 Bg7 20. Bb2 Rd7 21. cxb6 Qxb6 22. Qxc6 {½-½ (44) Cheparinov,I (2657)-Beliavsky,A (2653) Amsterdam 2007}) 15... Rac8 16. Rfd1 Nxe4 17. Qxe4 Bf6 18. Qe3 Rfd8 19. Rd2 Rd7 20. Rad1 Rcd8 21. h4 Bb7 22. Be4 h6 23. Qf3 c5 {[%cal Rc5d4] The position is equal.} 24. d5 Bxc3 25. Qxc3 exd5 26. Bxd5 Bxd5 27. Rxd5 Rxd5 28. cxd5 $11 {[%mdl 4096] Endgame KQR-KQR} Qd6 29. Qd3 Re8 30. Qb5 Re7 31. a4 h5 32. Kg2 g6 33. Kg1 Kf8 34. Qa6 Rd7 35. Qb5 Re7 36. Qa6 Rd7 37. Qb5 {Accuracy: White = 72%, Black = 67%.} 1/2-1/2

[Event "Elitserien Allsvenskan 2018-19"]
[Site "Sweden"]
[Date "2019.03.31"]
[Round "9.3"]
[White "Pantzar, Milton"]
[Black "Larsson, Johan"]
[Result "1-0"]
[WhiteElo "2361"]
[BlackElo "2189"]
[Annotator "NA"]
[PlyCount "87"]
[EventDate "2018.11.09"]
[EventType "team-tourn"]
[EventCountry "SWE"]
[SourceTitle "playchess.com"]
[Source "ChessBase"]
[SourceQuality "1"]
[TimeControl "40/5400+30:1800+30"]

1. d4 {[%emt 0:00:00]} d5 {[%emt 0:00:46]} 2. c4 {[%emt 0:00:00]} e6 {[%emt 0:00:41]} 3. Nc3 {[%emt 0:00:23]} c5 {[%emt 0:01:18]} 4. cxd5 {[%emt 0:01:12]} exd5 {[%emt 0:00:28]} 5. Nf3 {[%emt 0:00:28]} Nc6 {[%emt 0:00:45]} 6. dxc5 {[%emt 0:00:56]} d4 {[%emt 0:00:39]} 7. Na4 {[%emt 0:00:10]} Bxc5 {[%emt 0:01:26] D32: Tarrasch Defence: Sidelines and lines without g3} 8. Nxc5 {[%emt 0:00:15]} Qa5+ {[%emt 0:00:16]} 9. Qd2 {[%emt 0:00:24]} (9. Bd2 Qxc5 10. Rc1 Qe7 11. e3 Nf6 12. Be2 O-O 13. O-O Rd8 14. Nxd4 Nxd4 15. exd4 Rxd4 {½-½ (71) Jakovenko,D (2749)-Mamedov,R (2708) Ankara 2018}) 9... Qxc5 {[%emt 0:00:33]} 10. a3 {[%emt 0:00:06]} Nge7 {[%emt 0:01:18]} 11. b4 {[%emt 0:00:54]} Qb6 {[%emt 0:00:11]} 12. Bb2 {[%emt 0:00:24]} O-O {[%emt 0:00:26]} 13. Bxd4 {[%emt 0:00:38]} Nxd4 {[%emt 0:00:43]} 14. Qxd4 {[%emt 0:00:05]} Nc6 {[%emt 0:00:13]} 15. Qb2 {[%emt 0:00:46]} a5 $146 {[%emt 0:02:09]} 16. b5 {[%emt 0:00:07]} a4 {[%emt 0:06:01]} 17. e3 {[%emt 0:01:00]} Na5 {[%emt 0:05:39]} 18. Rd1 {[%emt 0:03:11]} Nb3 {[%emt 0:07:45]} 19. Bc4 {[%emt 0:09:55]} Qa5+ {[%emt 0:06:16]} 20. Nd2 {[%emt 0:02:45]} Rd8 {[%emt 0:09:16]} 21. Bxb3 {[%emt 0:03:22]} axb3 {[%emt 0:02:30]} 22. O-O {[%emt 0:01:54]} Be6 {[%emt 0:04:20]} 23. Nxb3 {[%emt 0:10:44]} Qxb5 {[%emt 0:09:59]} 24. Rb1 {[%emt 0:00:34]} Qg5 {[%emt 0:17:24]} 25. Rfe1 {[%emt 0:27:40]} Bh3 {[%emt 0:04:48]} 26. f4 {[%emt 0:02:05]} Qg6 {[%emt 0:01:15]} 27. Nd4 {[%emt 0:08:35]} b6 {[%emt 0:03:16]} 28. Nf3 {[%emt 0:07:58]} f6 {[%emt 0:07:27]} 29. Qf2 {[%emt 0:13:35]} Bg4 {[%emt 0:03:10]} 30. Nd4 {[%emt 0:01:03]} Rxa3 {[%emt 0:01:11]} 31. Rxb6 {[%emt 0:00:22]} Qe4 {[%emt 0:00:25]} 32. h3 {[%emt 0:02:20]} Bh5 {[%emt 0:01:29]} 33. Re6 {[%emt 0:00:39]} Qd5 {[%emt 0:00:41]} 34. Re7 {[%emt 0:01:12]} Qc5 {[%emt 0:01:30]} 35. Rxg7+ {[%emt 0:00:23]} Kh8 {[%emt 0:00:35]} 36. Qg3 {[%emt 0:01:04]} Qd5 {[%emt 0:00:39]} 37. Kh2 {[%emt 0:00:41]} Bg6 {[%emt 0:00:27]} 38. Re7 {[%emt 0:00:28]} Rg8 {[%emt 0:00:25]} 39. Qh4 {[%emt 0:00:29]} Ra6 {[%emt 0:00:34]} 40. Rg1 {[%emt 0:00:38]} Be4 {[%emt 0:00:34]} 41. Ne2 {[%emt 0:05:53]} Qd3 $2 {[%emt 0:13:44]} (41... Bc2 42. Nd4 Bd3) 42. Ng3 {[%emt 0:02:27]} Ba8 {[%emt 0:02:33]} 43. f5 {[%emt 0:03:33]} Rg7 {[%emt 0:00:32]} 44. Qh6 {[%emt 0:00:19]} 1-0

[Event "Elitserien Allsvenskan 2018-19"]
[Site "Sweden"]
[Date "2019.03.31"]
[Round "9.3"]
[White "Ernst, Thomas"]
[Black "Laveryd, Peter"]
[Result "1-0"]
[WhiteElo "2330"]
[BlackElo "2375"]
[Annotator "NA"]
[PlyCount "115"]
[EventDate "2018.11.09"]
[EventType "team-tourn"]
[EventCountry "SWE"]
[SourceTitle "playchess.com"]
[Source "ChessBase"]
[SourceQuality "1"]
[TimeControl "40/5400+30:1800+30"]

1. e4 {[%emt 0:00:00]} Nf6 {[%emt 0:00:18]} 2. e5 {[%emt 0:00:00]} Nd5 {[%emt 0:00:11]} 3. d4 {[%emt 0:00:00]} d6 {[%emt 0:00:07]} 4. Nf3 {[%emt 0:00:06]} dxe5 {[%emt 0:00:56]} 5. Nxe5 {[%emt 0:00:06]} c6 {[%emt 0:00:17]} 6. Bc4 {[%emt 0:00:39]} g6 {[%emt 0:02:56]} 7. O-O {[%emt 0:04:11]} Bg7 {[%emt 0:01:09]} 8. Re1 {[%emt 0:00:13]} O-O {[%emt 0:00:39]} 9. Bb3 {[%emt 0:03:26]} Bf5 {[%emt 0:11:16] B04: Alekhine's Defence: 4 Nf3} 10. Nd2 {[%emt 0:07:26]} Nd7 {[%emt 0:05:31]} 11. Nef3 $146 {[%emt 0:00:33]} ({Predecessor:} 11. Ndf3 Nxe5 12. Nxe5 a5 13. a4 Qc7 14. c3 Rad8 15. Qf3 Qc8 16. h3 Be6 17. Bd2 {1-0 (56) Shirov,A (2718)-Agdestein,S (2591) Bergen 2001}) 11... a5 {[%emt 0:08:30]} 12. a4 {[%emt 0:03:27]} N7f6 {[%emt 0:06:44]} 13. Nc4 {[%emt 0:03:17]} Qc7 {[%emt 0:02:49]} 14. Nce5 {[%emt 0:02:30]} Rad8 {[%emt 0:02:52]} 15. Qe2 {[%emt 0:08:32]} c5 {[%emt 0:06:55]} 16. h3 {[%emt 0:04:40]} Bc8 {[%emt 0:13:44]} (16... cxd4 $14 17. Nxd4 Ne4) 17. Bd2 {[%emt 0:14:35]} b6 {[%emt 0:10:11]} 18. c3 {[%emt 0:08:09]} e6 {[%emt 0:04:11]} 19. Rac1 {[%emt 0:01:48]} Bb7 {[%emt 0:03:02]} 20. Bg5 {[%emt 0:05:00]} h6 {[%emt 0:01:39]} 21. Bd2 {[%emt 0:01:33]} Rfe8 {[%emt 0:04:42]} 22. Bc2 {[%emt 0:03:25]} Nh7 {[%emt 0:02:23]} 23. Bd3 {[%emt 0:03:49]} Nf8 {[%emt 0:04:13]} 24. Bb5 {[%emt 0:06:40]} Re7 {[%emt 0:00:13]} 25. b4 {[%emt 0:00:42]} Rc8 {[%emt 0:02:34]} 26. bxc5 {[%emt 0:05:33]} bxc5 {[%emt 0:00:20]} 27. c4 {[%emt 0:01:42]} Nb4 {[%emt 0:01:07]} 28. Bf4 {[%emt 0:01:47]} g5 {[%emt 0:00:54]} 29. Bg3 {[%emt 0:04:27]} Qb6 {[%emt 0:01:41]} 30. dxc5 {[%emt 0:00:25]} Qxc5 {[%emt 0:00:23]} 31. Rcd1 {[%emt 0:01:03]} Qa7 {[%emt 0:01:48]} 32. h4 {[%emt 0:01:31]} f6 {[%emt 0:00:36]} 33. Ng4 {[%emt 0:00:53]} e5 {[%emt 0:01:05]} 34. hxg5 {[%emt 0:00:57]} hxg5 {[%emt 0:00:02]} 35. Ne3 {[%emt 0:00:19]} Nc6 {[%emt 0:00:38]} 36. Nf5 {[%emt 0:00:30]} Rd7 {[%emt 0:00:07]} 37. Rxd7 {[%emt 0:02:02]} Nxd7 {[%emt 0:00:02]} 38. Bxc6 {[%emt 0:00:55]} Rxc6 {[%emt 0:00:02]} 39. Ne7+ {[%emt 0:00:10]} Kf7 {[%emt 0:01:17]} 40. Nxc6 {[%emt 0:00:17]} Bxc6 {[%emt 0:00:02]} 41. Qc2 {[%emt 0:30:29]} e4 {[%emt 0:03:04]} 42. Rxe4 {[%emt 0:00:00]} Bxe4 {[%emt 0:01:58]} 43. Qxe4 {[%emt 0:00:00]} Qc5 {[%emt 0:01:35]} 44. Nd2 {[%emt 0:00:00]} Nb6 {[%emt 0:05:57]} 45. Qd3 {[%emt 0:00:00]} Qc6 {[%emt 0:02:03]} 46. Ne4 {[%emt 0:00:00]} Bf8 {[%emt 0:00:26]} 47. Qf3 {[%emt 0:00:00]} Kg6 {[%emt 0:02:15]} 48. Bd6 {[%emt 0:00:00]} f5 {[%emt 0:07:34]} 49. Bxf8 {[%emt 0:00:00]} Qxe4 {[%emt 0:04:44]} 50. Qc3 {[%emt 0:00:00]} Kf7 {[%emt 0:01:17]} 51. Bh6 {[%emt 0:00:00]} Nxc4 {[%emt 0:01:20]} 52. Bxg5 {[%emt 0:00:00]} Ne5 {[%emt 0:03:37]} 53. f3 $18 {[%emt 0:00:00]} Qb1+ {[%emt 0:01:13]} 54. Kh2 {[%emt 0:00:00]} Qb8 {[%emt 0:00:20]} 55. Bf4 {[%emt 0:00:00]} Qh8+ {[%emt 0:00:12]} 56. Kg1 {[%emt 0:00:00]} Nxf3+ {[%emt 0:01:19]} 57. Qxf3 {[%emt 0:00:00]} Qa1+ {[%emt 0:00:06]} 58. Kh2 {[%emt 0:00:00]} 1-0

[Event "Elitserien Allsvenskan 2018-19"]
[Site "Sweden"]
[Date "2019.03.31"]
[Round "9.4"]
[White "Hillarp Persson, Tiger"]
[Black "Sagit, Rauan"]
[Result "1-0"]
[WhiteElo "2558"]
[BlackElo "2436"]
[Annotator "TA"]
[PlyCount "145"]
[EventDate "2018.11.09"]
[EventType "team-tourn"]
[EventCountry "SWE"]
[SourceTitle "playchess.com"]
[Source "ChessBase"]
[SourceQuality "1"]

{[%evp 9,145,29,57,25,23,28,37,50,89,89,105,35,96,72,88,87,93,64,104,97,83,72,109,117,109,107,114,128,128,114,134,130,137,124,147,107,123,87,125,123,132,113,218,128,128,91,128,128,182,166,167,81,81,81,81,81,81,81,180,166,204,81,81,81,81,81,88,81,81,66,81,81,81,57,81,0,81,81,82,82,91,34,42,30,43,36,167,168,166,166,219,205,218,167,258,247,329,317,301,0,354,354,352,341,381,370,358,347,353,340,350,273,425,283,498,550,620,610,581,585,1031,884,1810,1759,1772,1770,1654,1637,6103,6087,29982,29983,29983,29984,29985,29986,29985,29985]} 1. d4 f5 2. Bf4 Nf6 3. e3 e6 4. Nf3 Nc6 (4... Be7 5. h3 O-O 6. c4 d6 7. Nc3 Qe8 8. Be2 Nc6 9. Bh2 Bd7 10. a3 Qg6 11. Nh4 Qh6 12. Nf3 Qg6 13. Rg1 Ne4 {1-0 (59) Sjugirov,S (2663)-Amin,B (2710) St Petersburg 2018}) 5. Be2 Ne7 6. Nbd2 {A80: Dutch Defence: Unusual White second moves} Ng6 7. Bg3 $146 ({Predecessor:} 7. Bg5 Be7 8. Ne5 d6 9. Nxg6 hxg6 10. Bf3 d5 {½-½ (48) Dettmer,N (1703)-Merettig,G (1841) Verden 2016}) 7... d6 8. h4 {White is slightly better.} h5 9. c3 Ng4 10. Qb3 (10. Ng5 $16) 10... d5 (10... Be7 $14) 11. Bf4 c6 12. g3 Be7 13. Kf1 Qb6 14. Kg2 Bd7 15. a4 {[%cal Ba2a4,Ba4a5][%mdl 32]} Qxb3 16. Nxb3 O-O 17. a5 Rac8 18. c4 a6 19. Rhc1 Rce8 20. Bc7 Bc8 21. Rc2 Rf7 22. Bf4 Rff8 23. Nc1 Nh8 24. Nd3 Nf7 25. b4 g6 (25... dxc4 $16 26. Rxc4 g6) 26. Nc5 (26. cxd5 $1 $18 exd5 27. b5 $1 {[%mdl 512]} axb5 28. a6 $1 {[%mdl 512]}) 26... Kg7 $16 27. Rac1 dxc4 28. Bxc4 Bf6 (28... Bd8 $16 29. Nd3 Nf6) 29. Rd1 $18 Re7 30. Rcd2 (30. Ng5 $18 {and White stays clearly on top.} Bxg5 31. hxg5 (31. Bxg5 Nxg5 32. hxg5 e5 $14)) 30... e5 $16 31. dxe5 Nfxe5 32. Nxe5 Nxe5 33. Ba2 Rfe8 (33... Nf7 $16) 34. Rd8 $18 Nf7 {[#]} 35. R8d3 (35. Bxf7 $1 $18 Kxf7 36. R8d3) 35... Ne5 $16 36. R3d2 Nf7 37. Rc2 Ne5 38. Kf1 Nf7 39. Kg1 Ne5 40. Kg2 Nf7 41. Kf1 Ne5 42. Kg2 Nf7 $1 43. Bb3 $36 {[%mdl 2048] White is on the roll.} Ne5 44. Bg5 Nd7 45. Bxf6+ ({White should play} 45. Nxd7 $16 Rxd7 46. Rxd7+ Bxd7 47. Rd2 Bxg5 48. hxg5 (48. Rxd7+ Re7 $11)) 45... Nxf6 $14 46. Rcd2 Ne4 47. Rd8 Nf6 (47... Rxd8 $1 $14 48. Rxd8 Nxc5 49. bxc5 Bd7) 48. Rxe8 $18 Rxe8 49. Rd4 Kf8 {[#]} (49... Kh6 {was worth a try.} 50. Rd6 Kg7) 50. Kf3 $1 Ng4 51. Rd2 Ke7 (51... Nf6 $142 52. Rd4 Ng4) 52. Kf4 Kf6 53. Rd6+ Kg7 54. Rd2 $2 (54. f3 $18 Nf6 55. Bc4) 54... Nf6 $2 {[%mdl 8192]} (54... Kf6 $1 $11 {and Black is okay.}) 55. f3 Nh7 56. Rd6 Nf8 57. e4 fxe4 58. fxe4 Bg4 59. Ke3 ({But not} 59. Nxb7 Rb8 $18) 59... Rb8 60. Kd4 Nh7 (60... g5 $142 61. hxg5 Nh7) 61. Nd3 Rf8 $2 (61... Nf8 {keeps fighting.} 62. Nc5 g5) 62. Nf4 Rf6 63. Ke5 Rxd6 64. Kxd6 {[%mdl 4096] Endgame KBN-KBN} g5 65. Ne6+ Bxe6 66. Bxe6 {KB-KN} Nf6 67. Bf5 gxh4 68. gxh4 Ne8+ 69. Kd7 Kf8 70. e5 {White mates.} Kf7 71. e6+ Kf8 72. e7+ Kf7 73. Be6+ {Accuracy: White = 54%, Black = 42%.} 1-0